Population | Place |
8,175,133 - 1,526,006 | New York, NY - Los Angeles, CA - Chicago, IL - Houston, TX - Philadelphia, PA | | 97.6% | 829,718 - 787,033 | Indianapolis, IN - Jacksonville, FL - San Francisco, CA - Austin, TX - Columbus, OH | | 96.8% | 1,445,632 - 945,942 | Phoenix, AZ - San Antonio, TX - San Diego, CA - Dallas, TX - San Jose, CA | | 96.7% | 601,723 - 583,756 | Washington, DC - Denver, CO - Milwaukee, WI - Portland, OR - Las Vegas, NV | | 96.3% | 646,889 - 608,660 | Memphis, TN - Nashville, TN - Baltimore, MD - Boston, MA - Seattle, WA | | 95.7% | 416,427 - 396,815 | Colorado Springs, CO - Omaha, NE - Raleigh, NC - Miami, FL - Cleveland, OH | | 95.1% | 741,206 - 649,121 | Fort Worth, TX - Louisville, KY - Charlotte, NC - Detroit, MI - El Paso, TX | | 94.9% | 391,906 - 365,438 | Tulsa, OK - Oakland, CA - Minneapolis, MN - Wichita, KS - Arlington, TX | | 94.9% | 159,498 - 154,637 | Springfield, MO - Lancaster, CA - Eugene, OR - Pembroke Pines, FL - Salem, OR | | 94.9% | 462,257 - 420,003 | Long Beach, CA - Kansas City, MO - Mesa, AZ - Virginia Beach, VA - Atlanta, GA | | 94.7% | 287,208 - 261,310 | Toledo, OH - St. Paul, MN - Newark, NJ - Greensboro, NC - Buffalo, NY | | 94.5% | 325,078 - 305,215 | Aurora, CO - Santa Ana, CA - St. Louis, MO - Pittsburgh, PA - Corpus Christi, TX | | 94.5% | 116,714 - 115,903 | Athens, GA - Santa Clara, CA - Springfield, IL - Vallejo, CA - Victorville, CA | | 94.4% | 154,305 - 153,015 | Cape Coral, FL - Peoria, AZ - Sioux Falls, SD - Springfield, MA - Elk Grove, CA | | 94.3% | 579,999 - 466,488 | Oklahoma City, OK - Albuquerque, NM - Tucson, AZ - Fresno, CA - Sacramento, CA | | 94.2% | 59,403 - 58,908 | Springfield, OR - Lancaster, PA - Tulare, CA - Ames, IA - Conway, AR | | 94.2% | 176,320 - 173,372 | Santa Clarita, CA - Grand Prairie, TX - Brownsville, TX - Jackson, MS - Overland Park, KS | | 93.9% | 212,375 - 208,916 | Irvine, CA - Birmingham, AL - Rochester, NY - San Bernardino, CA - Spokane, WA | | 93.9% | 303,871 - 291,707 | Riverside, CA - Cincinnati, OH - Lexington, KY - Anchorage, AK - Stockton, CA | | 93.8% | 347,483 - 335,709 | Bakersfield, CA - New Orleans, LA - Honolulu, HI - Anaheim, CA - Tampa, FL | | 93.7% | 259,841 - 247,597 | Plano, TX - Lincoln, NE - Henderson, NV - Fort Wayne, IN - Jersey City, NJ | | 93.5% | 208,453 - 203,433 | Gilbert, AZ - Montgomery, AL - Boise, ID - Richmond, VA - Des Moines, IA | | 93.5% | 108,500 - 106,769 | Columbia, MO - Elgin, IL - Clearwater, FL - Miami Gardens, FL - Rochester, MN | | 93.2% | 201,165 - 199,110 | Modesto, CA - Fayetteville, NC - Augusta, GA - Shreveport, LA - Akron, OH | | 93.2% | 189,992 - 181,376 | Huntington Beach, CA - Columbus, GA - Grand Rapids, MI - Salt Lake City City, UT - Tallahassee, FL | | 93.2% | 31,454 - 31,275 | Newark, DE - Richmond, KY - Spring Valley, NY - Gurnee, IL - Juneau, AK - Jamestown, NY | | 93% | 25,719 - 25,663 | Xenia, OH - South Windsor, CT - Hazelwood, MO - Green, OH - Burlington, IA - Freeport, IL | | 92.9% | 33,712 - 33,656 | East Point, GA - Salina, NY - Salisbury, NC - Roseville, MN - Bethlehem, NY - Jackson, MI | | 92.8% | 228,330 - 224,669 | Durham, NC - Garland, TX - Glendale, AZ - Reno, NV - Hialeah, FL | | 92.7% | 27,165 - 27,109 | West Windsor, NJ - Englewood, NJ - Plum, PA - Spring, PA - Myrtle Beach, SC - Wilmette, IL | | 92.1% | 122,067 - 120,083 | Concord, CA - Miramar, FL - Coral Springs, FL - Lafayette, LA - Charleston, SC | | 92.1% | 104,170 - 103,466 | Billings, MT - Green Bay, WI - West Jordan, UT - Richmond, CA - Murrieta, CA | | 92.1% | 236,091 - 229,493 | Laredo, TX - Madison, WI - Winston-Salem, NC - Lubbock, TX - Baton Rouge, LA | | 92% | 195,111 - 190,695 | Mobile, AL - Little Rock, AR - Moreno Valley, CA - Glendale, CA - Amarillo, TX | | 92% | 198,397 - 195,976 | Tacoma, WA - Oxnard, CA - Aurora, IL - Fontana, CA - Yonkers, NY | | 91.9% | 129,272 - 126,326 | Columbia, SC - Killeen, TX - Topeka, KS - Thousand Oaks, CA - Cedar Rapids, IA | | 91.9% | 50,418 - 50,137 | South Jordan, UT - Niagara Falls, NY - Albany, OR - Joplin, MO - Bellevue, NE - Troy, NY | | 91.5% | 66,194 - 66,083 | Portland, ME - Rock Hill, SC - Schenectady, NY - Temple, TX - Oshkosh, WI | | 91.4% | 60,785 - 60,608 | Terre Haute, IN - North Bergen, NJ - Vineland, NJ - Waltham, MA - Springfield, OH | | 91.3% | 43,070 - 43,010 | Manchester, NJ - Southington, CT - Danville, VA - Fond du Lac, WI - Hackensack, NJ - Madison, AL | | 91.3% | 244,769 - 236,123 | St. Petersburg, FL - Chula Vista, CA - Norfolk, VA - Orlando, FL - Chandler, AZ | | 91.2% | 181,045 - 178,042 | Worcester, MA - Newport News, VA - Huntsville, AL - Knoxville, TN - Providence, RI | | 91.1% | 42,860 - 42,641 | Freeport, NY - Lincoln, CA - Sayreville, NJ - Concord, NH - Webster, NY - Kannapolis, NC | | 90.9% | 47,796 - 47,648 | Covina, CA - Galveston, TX - Alexandria, LA - Salina, KS - Middletown, CT - Newark, OH | | 90.7% | 55,224 - 54,856 | Novi, MI - New Brunswick, NJ - Jupiter, FL - Moore, OK - Jackson, NJ | | 90.6% | 65,211 - 64,784 | Jackson, TN - Camarillo, CA - Yuba City, CA - Harlingen, TX - Skokie, IL | | 90.5% | 29,752 - 29,660 | Rochester, NH - East Chicago, IN - Madison Heights, MI - Des Moines, WA - Morgantown, WV - Dania Beach, FL | | 90.3% | 125,872 - 124,442 | Olathe, KS - Elizabeth, NJ - Waco, TX - Hartford, CT - Visalia, CA | | 90.1% | 28,806 - 28,757 | Burlingame, CA - Gloucester, MA - Salem, NH - Johnston, RI - Henderson, KY - Shaler, PA | | 90% | 77,434 - 77,062 | Albany, GA - Camden, NJ - Lake Forest, CA - Edinburg, TX - New Rochelle, NY | | 89.8% | 149,043 - 145,438 | Pasadena, TX - Joliet, IL - Paterson, NJ - Kansas City, KS - Torrance, CA | | 89.6% | 142,980 - 140,081 | Lakewood, CO - Naperville, IL - Dayton, OH - Hollywood, FL - Sunnyvale, CA | | 89.5% | 25,175 - 25,139 | Seguin, TX - Paris, TX - Homewood, AL - Gaines, MI - Washington, MI - Marshfield, MA | | 89.5% | 41,496 - 41,340 | Altamonte Springs, FL - Buffalo Grove, IL - Wylie, TX - Oakland Park, FL - Salem, MA - Cleveland, TN | | 89.3% | 58,505 - 58,241 | Great Falls, MT - Greenville, SC - Des Plaines, IL - Cupertino, CA - Manchester, CT | | 89.2% | 44,137 - 44,054 | Coeur d'Alene, ID - Twin Falls, ID - Elmhurst, IL - Columbus, IN - Biloxi, MS - Collierville, TN | | 89% | 34,768 - 34,681 | Marion, IA - Delaware, OH - Plant City, FL - Spanish Fork, UT - Independence, MI - Columbia, TN | | 88.6% | 139,966 - 136,416 | Alexandria, VA - Mesquite, TX - Hampton, VA - Pasadena, CA - Orange, CA | | 88.5% | 115,007 - 113,383 | Peoria, IL - Lansing, MI - Ann Arbor, MI - El Monte, CA - Denton, TX | | 88.4% | 99,218 - 97,856 | Kenosha, WI - Rialto, CA - Broken Arrow, OK - Dearborn, MI - Albany, NY | | 88.3% | 106,595 - 106,433 | Pueblo, CO - Lowell, MA - Wilmington, NC - Ventura, CA - Arvada, CO | | 87.9% | 70,180 - 69,781 | Auburn, WA - Jacksonville, NC - Muncie, IN - Springdale, AR - Passaic, NJ | | 87.8% | 30,028 - 29,987 | Bowling Green, OH - White Lake, MI - Ithaca, NY - Burton, MI - Dover, NH - Florence, KY | | 87.4% | 145,170 - 143,911 | Syracuse, NY - Bridgeport, CT - Hayward, CA - Fort Collins, CO - Escondido, CA | | 87.3% | 136,286 - 132,929 | Savannah, GA - Cary, NC - Fullerton, CA - Warren, MI - Clarksville, TN | | 87.3% | 36,884 - 36,828 | Roy, UT - Beaumont, CA - Gadsden, AL - Marion, OH - Portage, IN - Richmond, IN | | 87.2% | 222,209 - 214,089 | Chesapeake, VA - Scottsdale, AZ - North Las Vegas, NV - Irving, TX - Fremont, CA | | 86.8% | 106,114 - 105,549 | Westminster, CO - West Covina, CA - Gresham, OR - Norwalk, CA - Fargo, ND | | 86.8% | 112,580 - 110,925 | Berkeley, CA - Provo, UT - Downey, CA - Midland, TX - Norman, OK | | 86.7% | 51,508 - 51,372 | Saginaw, MI - Brentwood, CA - Charleston, WV - Stratford, CT - Hendersonville, TN - Yucaipa, CA | | 86.2% | 41,863 - 41,643 | Midland, MI - Dublin, OH - Littleton, CO - Everett, MA - Rancho Palos Verdes, CA - Lancaster, NY | | 86.2% | 110,366 - 108,755 | Waterbury, CT - Costa Mesa, CA - Inglewood, CA - Manchester, NH - Murfreesboro, TN | | 86.1% | 105,328 - 104,371 | Carlsbad, CA - Fairfield, CA - Cambridge, MA - Wichita Falls, TX - High Point, NC | | 85.9% | 170,883 - 165,521 | Garden Grove, CA - Santa Rosa, CA - Chattanooga, TN - Oceanside, CA - Fort Lauderdale, FL | | 85.6% | 82,922 - 82,684 | Tracy, CA - Bloomington, MN - Ogden, UT - Upper Darby, PA - Sioux City, IA | | 85.3% | 70,851 - 70,285 | Wilmington, DE - Waukesha, WI - Plymouth, MN - Pharr, TX - Pleasanton, CA | | 85% | 79,329 - 78,860 | O'Fallon, MO - Carmel, IN - Concord, NC - Merced, CA - Racine, WI | | 84.8% | 76,728 - 76,377 | Johns Creek, GA - Bend, OR - Bellflower, CA - Bloomington, IL - Lawrence, MA | | 84.6% | 124,354 - 122,363 | Gainesville, FL - Simi Valley, CA - Stamford, CT - Amherst, NY - Bellevue, WA | | 84.5% | 48,579 - 48,520 | East Lansing, MI - Casa Grande, AZ - Washington, NJ - La Mirada, CA - Grand Island, NE - Haverford, PA | | 84.3% | 67,947 - 67,358 | Santa Fe, NM - Iowa City, IA - Mount Pleasant, SC - Gulfport, MS - Missouri City, TX | | 84.3% | 62,304 - 62,230 | North Little Rock, AR - Franklin, NJ - Fort Myers, FL - Utica, NY - Council Bluffs, IA | | 84.3% | 88,328 - 87,643 | Orem, UT - Cheektowaga, NY - Reading, PA - Miami Beach, FL - Lawrence, KS | | 84.1% | 91,714 - 91,252 | Carson, CA - Hillsboro, OR - Lee's Summit, MO - Macon, GA - Pearland, TX | | 84% | 80,387 - 79,580 | Cranston, RI - Gary, IN - Lakewood, CA - Farmington Hills, MI - Macomb, MI | | 83.7% | 131,117 - 129,480 | McKinney, TX - McAllen, TX - New Haven, CT - Sterling Heights, MI - West Valley City, UT | | 83.6% | 25,557 - 25,527 | Greenville, TX - Exeter, PA - Wasco, CA - Florence, AZ - Frankfort, KY - Greer, SC | | 83.6% | 87,521 - 86,265 | Rio Rancho, NM - Sandy, UT - Nashua, NH - Longmont, CO - Duluth, MN | | 83.6% | 165,269 - 161,719 | Rancho Cucamonga, CA - Port St. Lucie, FL - Ontario, CA - Vancouver, WA - Tempe, AZ | | 83.4% | 119,097 - 118,032 | Carrollton, TX - Roseville, CA - Thornton, CO - Beaumont, TX - Allentown, PA | | 83.3% | 117,517 - 116,830 | Surprise, AZ - Evansville, IN - Abilene, TX - Frisco, TX - Independence, MO | | 83.3% | 42,510 - 42,393 | Fairfield, OH - Lompoc, CA - Burlington, VT - Haltom City, TX - Lacey, WA - Penn Hills, PA | | 83.2% | 50,073 - 49,791 | Glendora, CA - Hoboken, NJ - Burlington, NC - Plainfield, NJ - Greenwood, IN - Minnetonka, MN | | 83.1% | 97,618 - 97,207 | Las Cruces, NM - North Charleston, SC - Lakeland, FL - Boulder, CO - San Mateo, CA | | 83% | 101,786 - 100,097 | Erie, PA - South Bend, IN - Daly City, CA - Centennial, CO - Temecula, CA | | 83% | 35,477 - 35,371 | Bell, CA - Franklin, WI - Oakley, CA - Orion, MI - University City, MO - Fort Lee, NJ | | 82.8% | 27,852 - 27,687 | Winter Park, FL - Monterey, CA - York, PA - Garden City, MI - Auburn, NY - Lacey, NJ | | 82.8% | 88,857 - 88,346 | Fall River, MA - Hamilton, NJ - Santa Barbara, CA - Greenburgh, NY - Roswell, GA | | 82.8% | 67,311 - 67,096 | Layton, UT - Mount Vernon, NY - Jonesboro, AR - Lafayette, IN - Manteca, CA | | 82.7% | 59,518 - 59,404 | Encinitas, CA - Pontiac, MI - Cheyenne, WY - Malden, MA - Fairfield, CT | | 82.4% |
|
Population | Place |
56,468 - 56,315 | Plymouth, MA - Mansfield, TX - Arcadia, CA - Union, NY - Ocala, FL | | 82.3% | 76,238 - 76,068 | Avondale, AZ - Bryan, TX - Decatur, IL - Scranton, PA - Melbourne, FL | | 82.1% | 42,620 - 42,573 | Blacksburg, VA - Leesburg, VA - El Centro, CA - Henrietta, NY - Newark, CA - Bountiful, UT | | 81.8% | 92,843 - 91,992 | Lakewood, NJ - Vacaville, CA - Kent, WA - Quincy, MA - Davie, FL | | 81.7% | 85,182 - 84,913 | Deltona, FL - Newton, MA - Plantation, FL - San Leandro, CA - Trenton, NJ | | 81.7% | 84,585 - 84,293 | Suffolk, VA - Greenville, NC - Sunrise, FL - Boca Raton, FL - Hawthorne, CA | | 81.4% | 36,303 - 36,120 | Rome, GA - Penfield, NY - Freehold, NJ - Monroe, NJ - Westerville, OH - Yorktown, NY | | 81.4% | 28,331 - 28,190 | Lansing, IL - Atascadero, CA - O'Fallon, IL - Allen Park, MI - Helena, MT - Round Lake Beach, IL | | 81.4% | 65,883 - 65,622 | Eau Claire, WI - Flagstaff, AZ - St. Cloud, MN - St. Charles, MO - Davis, CA | | 81.3% | 63,264 - 62,979 | Pittsburg, CA - Johnson City, TN - Taylor, MI - Bayonne, NJ - Laguna Niguel, CA | | 81.3% | 97,032 - 96,796 | Roanoke, VA - Livonia, MI - Tyler, TX - Lawton, OK - Clinton, MI | | 81.1% | 103,340 - 102,372 | Burbank, CA - Palm Bay, FL - Everett, WA - Flint, MI - Antioch, CA | | 81% | 52,281 - 51,969 | Manhattan, KS - Florissant, MO - Colton, CA - Lakewood, OH - Noblesville, IN - Pensacola, FL | | 81% | 81,405 - 80,893 | Edmond, OK - Champaign, IL - Troy, MI - Livermore, CA - Danbury, CT | | 80.8% | 55,316 - 55,274 | Casper, WY - Fountain Valley, CA - Abington, PA - Chicopee, MA - Carson, NV | | 80.3% | 38,548 - 38,401 | Huntsville, TX - Duncanville, TX - Sherman, TX - Marlborough, MA - Muskegon, MI - Annapolis, MD | | 80.3% | 152,871 - 149,058 | Rockford, IL - Palmdale, CA - Corona, CA - Salinas, CA - Pomona, CA | | 80.3% | 73,206 - 72,203 | New Britain, CT - Canton, OH - St. George, UT - Appleton, WI - Folsom, CA | | 80.3% | 90,264 - 89,803 | Sparks, NV - Canton, MI - Hesperia, CA - Redding, CA - Beaverton, OR | | 80% | 80,885 - 80,405 | Bellingham, WA - Hammond, IN - Buena Park, CA - Longview, TX - Bloomington, IN | | 80% | 28,395 - 28,364 | Upper Merion, PA - West Springfield Town, MA - Monroeville, PA - Nutley, NJ - Jacksonville, AR - North Andover, MA | | 79.5% | 36,047 - 35,893 | Dover, DE - Los Banos, CA - Goose Creek, SC - Belleville, NJ - Reynoldsburg, OH - Pennsauken, NJ | | 79.3% | 86,209 - 85,186 | Fort Smith, AR - Chico, CA - Norwalk, CT - Whittier, CA - Newport Beach, CA | | 79.2% | 66,982 - 66,788 | Youngstown, OH - Lauderhill, FL - Loveland, CO - Milpitas, CA - Missoula, MT | | 79% | 61,416 - 61,171 | Madera, CA - Bossier City, LA - Bismarck, ND - Rockville, MD - Greenwich, CT | | 79% | 36,437 - 36,361 | Goldsboro, NC - Texarkana, TX - Torrington, CT - New Albany, IN - Lancaster, TX - The Colony, TX | | 79% | 58,206 - 57,941 | Clay, NY - Lakewood, WA - Huntington Park, CA - Bowling Green, KY - Petaluma, CA | | 78.9% | 38,822 - 38,659 | Prescott Valley, AZ - Lancaster, OH - Lima, OH - Riverton, UT - Coppell, TX - Calexico, CA | | 78.6% | 48,821 - 48,707 | Gilroy, CA - Monroe, LA - Kirkland, WA - West Sacramento, CA - Kentwood, MI - Middletown, OH | | 78.5% | 75,018 - 74,486 | Deerfield Beach, FL - Bethlehem, PA - Medford, OR - Chino Hills, CA - Evanston, IL | | 78.5% | 33,972 - 33,856 | Chester, PA - Prattville, AL - Inver Grove Heights, MN - Winter Haven, FL - San Juan, TX - Gainesville, GA | | 78.5% | 41,255 - 41,186 | Berkeley, NJ - Urbana, IL - Bartlett, IL - Findlay, OH - Woonsocket, RI - Meridian, MS | | 78.5% | 46,267 - 46,036 | Dunwoody, GA - Caldwell, ID - West Orange, NJ - Cleveland Heights, OH - Dublin, CA - Lawrence, IN | | 78.4% | 91,239 - 90,329 | Toms River, NJ - Yakima, WA - Renton, WA - Tuscaloosa, AL - Lynn, MA | | 78.3% | 73,804 - 73,366 | Shelby, MI - Upland, CA - Fayetteville, AR - Tonawanda, NY - Bolingbrook, IL | | 78.2% | 52,759 - 52,497 | Milford, CT - Blue Springs, MO - St. Peters, MO - Lake Havasu City, AZ - Normal, IL - Battle Creek, MI | | 77.9% | 39,132 - 38,872 | Monroe, NJ - Wausau, WI - Rock Island, IL - Culver City, CA - Manalapan, NJ - Germantown, TN | | 77.8% | 62,942 - 62,477 | Pico Rivera, CA - Victoria, TX - Montebello, CA - Franklin, TN - Hamilton, OH | | 77.8% | 84,246 - 83,891 | Allen, TX - Clarkstown, NY - Clifton, NJ - Westland, MI - Cicero, IL | | 77.7% | 40,010 - 39,858 | Hickory, NC - Smyrna, TN - Monroe, NY - Holyoke, MA - Streamwood, IL - Prescott, AZ | | 77.6% | 49,708 - 49,379 | West New York, NJ - Cuyahoga Falls, OH - Bradenton, FL - Harrisburg, PA - Enid, OK - Sheboygan, WI | | 77.5% | 46,979 - 46,746 | Bedford, TX - Pflugerville, TX - Coral Gables, FL - Huntersville, NC - Murray, UT - Olympia, WA | | 77.3% | 25,259 - 25,206 | Sahuarita, AZ - Weatherford, TX - New Windsor, NY - Clinton, MS - Fort Dodge, IA - Riverside, OH | | 77.3% | 32,065 - 32,010 | Warwick, NY - Copperas Cove, TX - Menlo Park, CA - Socorro, TX - Deer Park, TX - Flint, MI | | 77.2% | 26,600 - 26,563 | Duluth, GA - Jeffersontown, KY - Saratoga Springs, NY - Southlake, TX - Bridgewater, MA - Enterprise, AL | | 77.2% | 26,215 - 26,190 | Redmond, OR - Kingsville, TX - Winchester, VA - Mount Pleasant, WI - Lebanon, TN - Wall, NJ | | 76.8% | 40,684 - 40,499 | Kearny, NJ - Covington, KY - Quincy, IL - Sumter, SC - Linden, NJ - Norwich, CT | | 76.8% | 82,672 - 81,557 | Warwick, RI - Hoover, AL - Parma, OH - Colonie, NY - Nampa, ID | | 76.6% | 99,685 - 99,223 | Davenport, IA - Woodbridge, NJ - Santa Maria, CA - El Cajon, CA - Richardson, TX | | 76.5% | 34,451 - 34,399 | Oak Creek, WI - Glastonbury, CT - Moorpark, CA - Greenville, MS - West Hollywood, CA - Peachtree City, GA | | 76.4% | 93,810 - 92,889 | Brockton, MA - Mission Viejo, CA - San Angelo, TX - Yuma, AZ - Greeley, CO | | 76.3% | 49,212 - 49,083 | Orangetown, NY - Wilson, NC - Huntington, WV - Apple Valley, MN - Pine Bluff, AR - Pinellas Park, FL | | 76.2% | 56,657 - 56,508 | Berwyn, IL - Union, NJ - West Des Moines, IA - Marietta, GA - Wellington, FL | | 76% | 99,967 - 99,845 | Edison, NJ - Odessa, TX - West Palm Beach, FL - Round Rock, TX - Pompano Beach, FL | | 76% | 43,381 - 43,165 | Chesterfield, MI - Poughkeepsie, NY - Egg Harbor, NJ - Hempfield, PA - Lombard, IL - Jefferson City, MO | | 75.8% | 33,051 - 33,025 | Holland, MI - Newnan, GA - Bangor, ME - Danville, IL - Seaside, CA - Natick, MA | | 75.8% | 32,996 - 32,797 | Nacogdoches, TX - St. Charles, IL - Woodridge, IL - Phenix City, AL - Monroe, NC - Lawndale, CA | | 75.8% | 43,914 - 43,724 | Bonita Springs, FL - Sierra Vista, AZ - DeKalb, IL - Titusville, FL - Mount Pleasant, NY - York, PA | | 75.7% | 66,748 - 66,455 | Redondo Beach, CA - Kenner, LA - Warner Robins, GA - Middletown, NJ - Union City, NJ | | 75% | 95,072 - 93,834 | New Bedford, MA - South Gate, CA - College Station, TX - Sandy Springs, GA - Vista, CA | | 74.7% | 96,455 - 95,290 | Compton, CA - Greece, NY - Clovis, CA - Portsmouth, VA - Lewisville, TX | | 74.6% | 31,535 - 31,479 | Fairbanks, AK - Falmouth, MA - Radnor, PA - Parkersburg, WV - Michigan City, IN - Schertz, TX | | 74.6% | 27,552 - 27,472 | Marshalltown, IA - Kirkwood, MO - Kankakee, IL - Plymouth, MI - Maryland Heights, MO - Harrison, NY | | 74.4% | 89,755 - 89,078 | Spokane Valley, WA - Santa Monica, CA - Westminster, CA - Federal Way, WA - Waukegan, IL | | 73.8% | 25,115 - 25,060 | Laurel, MD - Vernon Hills, IL - West Linn, OR - Pearl, MS - Ossining, NY - Troy, OH | | 73.7% | 33,518 - 33,484 | Indian Trail, NC - Pleasant Grove, UT - Cumberland, RI - Bothell, WA - Olive Branch, MS - Lawrence, NJ | | 73% | 33,313 - 33,217 | Burien, WA - Winter Springs, FL - Long Beach, NY - Gahanna, OH - Bettendorf, IA - Andover, MA | | 73% | 29,948 - 29,857 | Marion, IN - Saratoga, CA - Texarkana, AR - Goleta, CA - Shawnee, OK - Granite City, IL | | 73% | 83,781 - 83,089 | San Marcos, CA - League City, TX - Asheville, NC - Citrus Heights, CA - Alhambra, CA | | 72.7% | 26,800 - 26,717 | Easton, PA - Bergenfield, NJ - Thomasville, NC - Whitehall, PA - Stevens Point, WI - Bristol, TN | | 72.6% | 56,853 - 56,690 | White Plains, NY - Idaho Falls, ID - Orland Park, IL - Tinley Park, IL - Oak Lawn, IL | | 72.4% | 33,802 - 33,727 | Chelmsford, MA - La Porte, TX - Upper Arlington, OH - Manitowoc, WI - Houma, LA - Rome, NY | | 72.3% | 41,592 - 41,523 | Cortlandt, NY - Fort Pierce, FL - Warren, OH - Apopka, FL - North Miami Beach, FL - Wilkes-Barre, PA | | 72.2% | 54,727 - 54,533 | Bowie, MD - Wayne, NJ - Bartlett, TN - Bristol, PA - Elyria, OH | | 72% | 53,515 - 53,284 | Millcreek, PA - Santee, CA - Auburn, AL - Ypsilanti, MI - Margate, FL - Parsippany-Troy Hills, NJ | | 71.8% | 39,559 - 39,499 | Shelton, CT - Atlantic City, NJ - Bullhead City, AZ - Beverly, MA - Winslow, NJ - Urbandale, IA | | 71.7% | 39,688 - 39,584 | Meridian, MI - Romeoville, IL - Hagerstown, MD - Keller, TX - New Berlin, WI - Plainfield, IL | | 71.6% | 65,496 - 65,239 | Dothan, AL - Old Bridge, NJ - Weston, FL - Goodyear, AZ - Frederick, MD | | 71.4% | 36,634 - 36,484 | Haverstraw, NY - Lake Oswego, OR - Lewiston, ME - Monrovia, CA - Panama City, FL - Keizer, OR | | 71.3% | 47,315 - 47,037 | Bloomfield, NJ - Roseville, MI - Methuen Town, MA - Mentor, OH - East Providence, RI - Georgetown, MI | | 71.2% | 55,874 - 55,468 | Taunton, MA - Decatur, AL - West Haven, CT - Diamond Bar, CA - Woodland, CA | | 70.8% | 45,989 - 45,780 | Hattiesburg, MS - Rye, NY - Commerce City, CO - Farmington, NM - Sammamish, WA - Doral, FL | | 70.8% | 56,207 - 56,129 | Conroe, TX - Rowlett, TX - Medford, MA - Kettering, OH - Anderson, IN | | 70.7% | 75,390 - 75,072 | Baldwin Park, CA - Palm Coast, FL - Arlington Heights, IL - Meridian, ID - Brick, NJ | | 70.5% | 60,522 - 60,427 | Delray Beach, FL - Homestead, FL - Bristol, CT - Tamarac, FL - Bensalem, PA | | 70.2% | 27,346 - 27,291 | Rahway, NJ - Dodge City, KS - Crown Point, IN - Kaysville, UT - Ocean, NJ - Big Spring, TX | | 70% | 68,549 - 67,956 | Turlock, CA - Waterloo, IA - Perris, CA - Boynton Beach, FL - Rapid City, SD | | 69.9% | 59,946 - 59,682 | Santa Cruz, CA - Gaithersburg, MD - Pasco, WA - St. Clair Shores, MI - Kissimmee, FL | | 69.9% | 47,512 - 47,376 | East Brunswick, NJ - Chesterfield, MO - Lehi, UT - Georgetown, TX - Binghamton, NY - Lower Paxton, PA | | 69.4% | 61,005 - 60,797 | Daytona Beach, FL - Hamden, CT - Haverhill, MA - Meriden, CT - Eden Prairie, MN | | 69.2% | 77,058 - 76,780 | Mission, TX - Napa, CA - Redwood City, CA - Fishers, IN - St. Joseph, MO | | 69.1% | 44,692 - 44,464 | Glenview, IL - Enfield, CT - Palm Springs, CA - Belleville, IL - Bridgewater, NJ - San Jacinto, CA | | 69% | 26,550 - 26,503 | Barberton, OH - Mansfield, CT - Stafford, NJ - Leander, TX - Hamilton, NJ - North Kingstown, RI | | 69% | 74,262 - 73,812 | Kalamazoo, MI - Schaumburg, IL - Mountain View, CA - Kennewick, WA - Alameda, CA | | 68.9% | 26,911 - 26,849 | Savage, MN - SeaTac, WA - Clinton, IA - Central, LA - Lake Jackson, TX - Windsor, CA | | 68.8% | 51,917 - 51,821 | Sarasota, FL - Novato, CA - Hoffman Estates, IL - Oak Park, IL - Lake Elsinore, CA - Revere, MA | | 68.7% | 54,518 - 54,167 | Valdosta, GA - Corvallis, OR - Midwest City, OK - Pocatello, ID - Mount Prospect, IL | | 68.4% | 27,631 - 27,574 | Plainfield, IN - New London, CT - Ridgecrest, CA - Winona, MN - Post Falls, ID - Newtown, CT | | 68.4% | 51,320 - 51,251 | La Crosse, WI - Euless, TX - Smyrna, GA - East Hartford, CT - Peabody, MA - Cathedral City, CA | | 68.2% | 35,193 - 35,067 | Hot Springs, AR - St. Cloud, FL - Chelsea, MA - Manhattan Beach, CA - Lufkin, TX - Coventry, RI | | 67.9% |
|
Population | Place |
48,452 - 48,252 | Palm Beach Gardens, FL - Palm Desert, CA - Roswell, NM - Redford, MI - Mishawaka, IN - Castle Rock, CO | | 67.8% | 48,205 - 48,035 | Kingsport, TN - Lenexa, KS - Logan, UT - Richland, WA - Tigard, OR - Edina, MN | | 67.7% | 28,915 - 28,849 | Owasso, OK - Kent, OH - Newburgh, NY - Cedar City, UT - Garfield Heights, OH - Van Buren, MI | | 67.7% | 42,274 - 42,034 | Draper, UT - Hutchinson, KS - Bell Gardens, CA - Danville, CA - State College, PA - Mount Laurel, NJ | | 67.5% | 45,688 - 45,436 | Stillwater, OK - Ankeny, IA - Evesham, NJ - Kokomo, IN - Middletown, PA - Ceres, CA | | 67.4% | 43,593 - 43,417 | Attleboro, MA - Moline, IL - Maricopa, AZ - Charlottesville, VA - South Brunswick, NJ - Summerville, SC | | 67.2% | 34,324 - 34,208 | Norristown, PA - Carmel, NY - Falls, PA - Brunswick, OH - Glendale Heights, IL - Butte-Silver Bow, MT | | 67.2% | 37,056 - 36,966 | Florence, SC - Calumet City, IL - Puyallup, WA - Spartanburg, SC - Beloit, WI - Addison, IL | | 67.1% | 26,147 - 26,091 | Horsham, PA - Carlsbad, NM - Wooster, OH - Paragould, AR - Aberdeen, SD - Horn Lake, MS | | 67.1% | 53,104 - 52,894 | Highland, CA - Delano, CA - Shoreline, WA - Coconut Creek, FL - Wheaton, IL - Grand Forks, ND | | 67% | 39,349 - 39,260 | Campbell, CA - Florence, AL - Mankato, MN - Brea, CA - Cedar Falls, IA - Muskogee, OK | | 66.9% | 76,036 - 75,540 | Indio, CA - Brooklyn Park, MN - Somerville, MA - Lynchburg, VA - Tustin, CA | | 66.9% | 28,094 - 28,068 | Sanford, NC - Middletown, NY - Mason City, IA - Lake Stevens, WA - Kingman, AZ - Hampden, PA | | 66.9% | 37,280 - 37,076 | Bozeman, MT - Pacifica, CA - Hallandale Beach, FL - Hilton Head Island, SC - Shakopee, MN - Brentwood, TN | | 66.7% | 31,797 - 31,730 | El Mirage, AZ - Adelanto, CA - Mount Vernon, WA - Walla Walla, WA - Valparaiso, IN - Goshen, IN | | 66.6% | 30,961 - 30,768 | Douglasville, GA - Plainfield, MI - Laramie, WY - Kearney, NE - Ridley, PA - Long Branch, NJ | | 66.3% | 64,776 - 64,403 | Rancho Cordova, CA - West Bloomfield, MI - Flower Mound, TX - Gloucester, NJ - Palo Alto, CA | | 66% | 31,925 - 31,862 | Wenatchee, WA - Watertown Town, MA - Lewiston, ID - Leawood, KS - Naugatuck, CT - Oregon City, OR | | 65.9% | 69,772 - 68,557 | Lynwood, CA - Union City, CA - Apple Valley, CA - Redlands, CA - Palatine, IL | | 65.9% | 26,477 - 26,361 | Opelika, AL - Holladay, UT - Bella Vista, AR - Fremont, NE - Queen Creek, AZ - Paramus, NJ | | 65.9% | 40,888 - 40,742 | Minot, ND - Saginaw, MI - Leominster, MA - Crystal Lake, IL - North Brunswick, NJ - Coachella, CA | | 65.8% | 72,148 - 71,741 | San Ramon, CA - Wyoming, MI - Lake Charles, LA - Baytown, TX - Gastonia, NC | | 64.6% | 30,403 - 30,343 | Alamogordo, NM - Oswego, IL - Alabaster, AL - Laguna Hills, CA - Salisbury, MD - Westfield, NJ | | 64.5% | 71,739 - 70,995 | Southfield, MI - Waterford, MI - Pawtucket, RI - Cherry Hill, NJ - Rochester Hills, MI | | 64.4% | 57,551 - 57,236 | Alpharetta, GA - Rocky Mount, NC - North Port, FL - Owensboro, KY - Royal Oak, MI | | 64.1% | 46,462 - 46,320 | Perinton, NY - Wauwatosa, WI - Azusa, CA - Grapevine, TX - Altoona, PA - Portage, MI | | 63.9% | 25,505 - 25,484 | San Luis, AZ - Neenah, WI - Merrimack, NH - Zanesville, OH - Rexburg, ID - Lebanon, PA | | 63.9% | 78,817 - 77,519 | Sugar Land, TX - Hemet, CA - Chino, CA - Largo, FL - Menifee, CA | | 63.5% | 28,546 - 28,457 | Lawrenceville, GA - Elizabethtown, KY - Northville, MI - Wheeling, WV - McCandless, PA - Shaker Heights, OH | | 63.5% | 45,099 - 44,750 | Texas City, TX - Cedar Hill, TX - Jeffersonville, IN - San Marcos, TX - Strongsville, OH - Pittsfield, MA | | 63.4% | 58,829 - 58,566 | Gardena, CA - North Miami, FL - Taylorsville, UT - National City, CA - Grand Junction, CO | | 63.4% | 29,243 - 29,172 | Schererville, IN - Elmira, NY - West Warwick, RI - Vernon, CT - Walnut, CA - Mamaroneck, NY | | 62.8% | 31,144 - 31,064 | University Place, WA - Ross, PA - Bedford, MI - West Bend, WI - Mundelein, IL - La Verne, CA | | 62.8% | 29,803 - 29,783 | Niles, IL - Newburgh, NY - Pullman, WA - Paso Robles, CA - Kennesaw, GA - Highland Park, IL | | 62.7% | 25,340 - 25,268 | Hazleton, PA - Farmington, CT - Lemon Grove, CA - Harvey, IL - Windham, CT - Fitchburg, WI | | 62.6% | 63,632 - 63,268 | South San Francisco, CA - Janesville, WI - San Clemente, CA - North Richland Hills, TX - West Hartford, CT | | 62.6% | 57,825 - 57,637 | Lower Merion, PA - Dearborn Heights, MI - New Braunfels, TX - San Rafael, CA - Dubuque, IA | | 62.6% | 64,270 - 64,097 | East Orange, NJ - Yorba Linda, CA - Eagan, MN - Walnut Creek, CA - Lorain, OH | | 62.5% | 36,793 - 36,664 | Cheltenham, PA - Greenfield, WI - Clifton Park, NY - Burleson, TX - Montclair, CA - Longview, WA | | 62.5% | 45,297 - 45,135 | Parker, CO - St. Louis Park, MN - Barnstable Town, MA - Beavercreek, OH - Wallingford, CT - San Luis Obispo, CA | | 62.2% | 26,700 - 26,658 | Harker Heights, TX - Anderson, SC - Medina, OH - Springettsbury, PA - Garden City, KS - Bernards, NJ | | 62.1% | 41,114 - 41,011 | San Bruno, CA - Westfield, MA - Bloomfield, MI - North Lauderdale, FL - Oro Valley, AZ - Rohnert Park, CA | | 62% | 29,149 - 29,098 | Liberty, MO - San Pablo, CA - Morristown, TN - Voorhees, NJ - Georgetown, KY - Rotterdam, NY | | 61.9% | 27,253 - 27,191 | Lindenhurst, NY - Superior, WI - Fridley, MN - Matthews, NC - Eureka, CA - East Windsor, NJ | | 61.6% | 32,736 - 32,682 | Poughkeepsie, NY - Westlake, OH - North Olmsted, OH - Mooresville, NC - Warminster, PA - Milton, GA | | 60.9% | 62,209 - 61,476 | Shawnee, KS - Lodi, CA - Woodbury, MN - Maple Grove, MN - Coon Rapids, MN | | 60.5% | 37,882 - 37,729 | Morgan Hill, CA - Manassas, VA - Amherst, MA - Clovis, NM - Bremerton, WA - Carpentersville, IL | | 60.4% | 29,087 - 29,044 | Gillette, WY - Wentzville, MO - Hobart, IN - Orchard Park, NY - Windsor, CT - Spring Hill, TN | | 60.1% | 37,674 - 37,511 | Ossining, NY - Montclair, NJ - Wheeling, IL - Greenacres, FL - Valley Stream, NY - Grand Blanc, MI | | 59.4% | 53,891 - 53,570 | Hempstead, NY - Port Arthur, TX - Rosemead, CA - Weymouth Town, MA - Sanford, FL | | 59.1% | 47,853 - 47,811 | Rancho Santa Margarita, CA - Downers Grove, IL - Aliso Viejo, CA - Mansfield, OH - Poway, CA - Cypress, CA | | 58.9% | 57,233 - 56,936 | Chapel Hill, NC - Blaine, MN - La Mesa, CA - Rocklin, CA - Hamburg, NY | | 58.8% | 25,048 - 25,012 | Twentynine Palms, CA - Shoreview, MN - Paducah, KY - Ottumwa, IA - Asheboro, NC - South Portland, ME | | 58.7% | 34,663 - 34,546 | Pittsfield, MI - San Juan Capistrano, CA - Cottage Grove, MN - Winter Garden, FL - Tupelo, MS - Grants Pass, OR | | 57.8% | 27,086 - 27,031 | West Chicago, IL - Slidell, LA - Norco, CA - Wappinger, NY - DeLand, FL - Watertown, NY | | 57.3% | 49,047 - 48,920 | DeSoto, TX - Cerritos, CA - Southaven, MS - Cedar Park, TX - Euclid, OH - Harrisonburg, VA | | 56.9% | 56,048 - 55,889 | Port Orange, FL - Piscataway, NJ - Rogers, AR - Lakeville, MN - Broomfield, CO | | 56.8% | 40,318 - 40,186 | Fitchburg, MA - Cutler Bay, FL - Billerica, MA - Marlboro, NJ - Commerce, MI - Groton, CT | | 56.6% | 30,712 - 30,633 | Mason, OH - Benton, AR - Clarence, NY - South Kingstown, RI - Lower Macungie, PA - Brownstown, MI | | 56.5% | 25,835 - 25,738 | Belmont, CA - West Fargo, ND - Sandusky, OH - Garner, NC - Soledad, CA - Randolph, NJ | | 56.5% | 29,413 - 29,364 | Los Gatos, CA - Pittsford, NY - Williamsport, PA - Livingston, NJ - Sun Prairie, WI - Miami Lakes, FL | | 55.6% | 34,961 - 34,910 | Marana, AZ - Bay City, MI - Hollister, CA - Claremont, CA - Lake Worth, FL - Stow, OH | | 55.5% | 29,029 - 28,961 | East Fishkill, NY - Los Altos, CA - Port Chester, NY - Lake in the Hills, IL - Tewksbury, MA - Burbank, IL | | 55.4% | 35,608 - 35,558 | Shrewsbury, MA - Del Rio, TX - Ocoee, FL - Grove City, OH - Temple City, CA - Wildwood, MO | | 55.1% | 30,618 - 30,567 | Rosenberg, TX - New Iberia, LA - North Huntingdon, PA - Andover, MN - Foster City, CA - Deptford, NJ | | 55% | 29,621 - 29,526 | Waxahachie, TX - Banning, CA - West Lafayette, IN - LaGrange, GA - Raytown, MO - New Bern, NC | | 54.9% | 54,165 - 53,926 | Porterville, CA - Redmond, WA - Paramount, CA - Hanford, CA - Irvington, NJ | | 54.5% | 33,170 - 33,127 | Northbrook, IL - Pleasant Hill, CA - Mount Lebanon, PA - Dalton, GA - Elk Grove Village, IL - Derry, NH | | 54.4% | 30,117 - 30,047 | Wake Forest, NC - Clearfield, UT - Brooklyn Center, MN - Westfield, IN - Southgate, MI - Algonquin, IL | | 54.3% | 28,043 - 27,999 | Vestal, NY - Branford, CT - Kyle, TX - Nicholasville, KY - Milford, MA - Midvale, UT | | 54% | 35,762 - 35,636 | Aventura, FL - Bartlesville, OK - Braintree Town, MA - Weslaco, TX - Holland, MI - Menomonee Falls, WI | | 54% | 29,337 - 29,319 | Cleburne, TX - Tredyffrin, PA - Oak Ridge, TN - Santa Paula, CA - Oak Park, MI - Cheshire, CT | | 54% | 33,437 - 33,351 | Hinesville, GA - Cottonwood Heights, UT - San Dimas, CA - Brighton, CO - Dana Point, CA - Oviedo, FL | | 53.9% | 51,199 - 50,814 | Watsonville, CA - Howell, NJ - Elkhart, IN - Buckeye, AZ - Perth Amboy, NJ - Placentia, CA | | 53.8% | 60,411 - 60,020 | West Allis, WI - Burnsville, MN - Monterey Park, CA - La Habra, CA - Marysville, WA | | 53.5% | 26,054 - 25,902 | Tualatin, OR - Batavia, IL - Mount Pleasant, MI - Desert Hot Springs, CA - Carbondale, IL - Little Elm, TX | | 53.5% | 35,321 - 35,246 | Dunedin, FL - Guilderland, NY - Bentonville, AR - Leavenworth, KS - Merrillville, IN - Richfield, MN | | 53.4% | 34,140 - 34,033 | Royal Palm Beach, FL - Hobbs, NM - Beverly Hills, CA - Pekin, IL - Vestavia Hills, AL - Dartmouth, MA | | 52.9% | 31,635 - 31,577 | Franklin Town, MA - Cicero, NY - Willingboro, NJ - Tooele, UT - Hopkinsville, KY - North Tonawanda, NY | | 52.5% | 27,006 - 26,964 | East St. Louis, IL - Benicia, CA - McHenry, IL - Melrose, MA - Glen Cove, NY - Stoughton, MA | | 52.1% | 30,487 - 30,413 | Garfield, NJ - North Royalton, OH - Cookeville, TN - Issaquah, WA - College Park, MD - Ballwin, MO | | 52% | 26,324 - 26,241 | Imperial Beach, CA - American Fork, UT - Eagle Pass, TX - West Memphis, AR - Casselberry, FL - Paradise, CA | | 52% | 39,816 - 39,711 | La Puente, CA - Teaneck, NJ - Northampton, PA - San Gabriel, CA - Carol Stream, IL - Edmonds, WA | | 51.7% | 38,101 - 37,941 | Huber Heights, OH - Moorhead, MN - Maplewood, MN - Hanover Park, IL - Cape Girardeau, MO - Brookfield, WI | | 50.2% | 27,465 - 27,395 | Maryville, TN - Bessemer, AL - Glen Ellyn, IL - Wallkill, NY - Maywood, CA - Oakdale, MN | | 49.9% | 38,303 - 38,133 | Hillsborough, NJ - Stanton, CA - Lincoln Park, MI - Ormond Beach, FL - Manheim, PA - Woburn, MA | | 49.7% | 28,742 - 28,549 | Clermont, FL - North Attleborough, MA - Chili, NY - Farmers Branch, TX - Northampton, MA - Cooper City, FL | | 49.2% | 35,840 - 35,790 | Apache Junction, AZ - Lynnwood, WA - Martinez, CA - Friendswood, TX - Ewing, NJ - Northglenn, CO | | 48.8% | 37,490 - 37,349 | Rockwall, TX - Park Ridge, IL - Apex, NC - La Quinta, CA - Galloway, NJ - Hurst, TX | | 48.8% | 29,524 - 29,465 | Aiken, SC - Sherwood, AR - Glenville, NY - Springville, UT - North Ridgeville, OH - Dracut, MA | | 48.6% | 32,313 - 32,149 | Bethel Park, PA - Galesburg, IL - McMinnville, OR - Wildomar, CA - Massillon, OH - North Providence, RI | | 48.2% | 32,593 - 32,488 | Lauderdale Lakes, FL - La Vergne, TN - North Chicago, IL - Lower Makefield, PA - Riviera Beach, FL - Fair Lawn, NJ | | 47.2% | 30,278 - 30,166 | Gallatin, TN - Chicago Heights, IL - Englewood, CO - Port Huron, MI - Wheat Ridge, CO - City of Orange, NJ | | 46.7% | 28,438 - 28,400 | Agawam Town, MA - Hilliard, OH - Statesboro, GA - San Carlos, CA - Millville, NJ - Gates, NY | | 46.5% | 25,890 - 25,846 | Mahwah, NJ - Wyandotte, MI - Delhi, MI - West Milford, NJ - Fountain, CO - De Witt, NY | | 46.5% | 27,962 - 27,901 | Oak Forest, IL - Neptune, NJ - Russellville, AR - Pemberton, NJ - Queensbury, NY - Alton, IL | | 46.1% | 32,442 - 32,363 | Eastpointe, MI - Petersburg, VA - Delta, MI - Manlius, NY - Eastchester, NY - Fairborn, OH | | 45.7% | 25,436 - 25,369 | Lower Providence, PA - Melrose Park, IL - Gladstone, MO - Ponca City, OK - Inkster, MI - Bridgeton, NJ | | 42.8% | 28,168 - 28,111 | Atwater, CA - East Palo Alto, CA - New Milford, CT - Mount Olive, NJ - Suisun City, CA - Cranberry, PA | | 42.7% | 25,636 - 25,579 | Stockbridge, GA - South Pasadena, CA - Owatonna, MN - Belvidere, IL - Collinsville, IL - Upper Dublin, PA | | 40.5% |
|
Comments